Statystyki dla Religie w Polsce (dla Kolegi Ignacego)

Kliknij tutaj aby rozwiązać quiz!

Ogólne statystyki

  • Ten quiz został rozwiązany 873 razy
  • Średni wynik to 5 z 15

Statystyki odpowiedzi

HintOdpowiedź% Poprawnych
1Chrześcijaństwo
88%
3Islam
84%
8Buddyzm
72%
2Prawosławie
67%
14Judaizm
57%
9Protestantyzm
45%
5Hinduizm
44%
13Świadkowie Jehowy
22%
10Kalwinizm
12%
12Sikhizm
6%
6Konfucjanizm
5%
15Jedi
2%
4Megawąż9
2%
7Tengryzm
1%
11Jainizm
0%

Rozkład punktacji

Percentyl według liczby udzielonych odpowiedzi

Procent ludzi z każdym wynikiem

Twoja historia wyników

Nie rozwiązałeś tego quizu